Statistics for US States Closest to Lake Michigan

Click here to take the quiz!

General Stats

  • This quiz has been taken 368 times
  • The average score is 18 of 20

Answer Stats

kmStatemiles% Correct
0Illinois0
97%
0Michigan0
97%
0Wisconsin0
97%
0Indiana0
96%
531New York330
95%
143Ohio89
95%
340Kentucky211
94%
270Minnesota168
94%
474Pennsylvania295
92%
193Iowa120
90%
684North Dakota425
88%
666South Dakota414
86%
554Tennessee344
85%
364Missouri226
84%
652Kansas405
82%
676Nebraska420
81%
625Virginia388
81%
502West Virginia312
80%
620Arkansas385
70%
643Maryland400
70%

Score Distribution

Percentile by Number Answered

Percent of People with Each Score

Your Score History

You have not taken this quiz